| 000 | 01063cam a22002414a 4500 | ||
|---|---|---|---|
| 005 | 20250605164104.0 | ||
| 008 | 250528s ||||||||||||||||||||||||d | ||
| 035 | _a17685 | ||
| 020 | _a9780415583008 | ||
| 040 |
_aGR-AtMCL _bgre _dGR-AtMCL _eAACR2 |
||
| 245 | 1 | _aAddictions / Second Edition | |
| 250 | _a2nd | ||
| 260 |
_bPsychology Press, Ltd, _c2012 |
||
| 300 | _a164 | ||
| 520 | _aThis book incorporates advances in research and practice over the last ten years. Series Preface, Acknowledgements, The Nature of Addiction, Who Becomes Addicted?, The Health Consequences of Alcohol and Other Drug Use and Dependence, Theories of Addiction: Causes and Maintenance of Addiction, Alcohol, Nicotine, Cannabis, Opioids, Psychostimulants: Cocaine and Amphetamines and Ecstasy, Addiction: Looking Ahead, Further Reading, References, Author and Subject Index. | ||
| 700 | 1 |
_aDegenhardt Louisa _93857 |
|
| 700 | 1 |
_aHall Wayne _93858 |
|
| 700 | 1 |
_aProudfoot Heather _93859 |
|
| 700 | 1 |
_aTeeson Maree _93860 |
|
| 942 | _cBK | ||
| 999 |
_c3087 _d3087 |
||